000 01422nam a2200313 i 4500
001 16394
003 ES-MaACL
005 20231214140845.0
007 t|
008 000907s1996 sp ao 00110 spa d
020 _a84-605-3069-8
080 _a061.21(460.27 M.) Ateneo
080 _a008(460.27 M.)
245 0 0 _aTertulias de rebotica :
_b(1990-1994) testimonio /
_cDaniel Pacheco Fernández [coordinador] ; [prólogo, Juan Manuel Reol].
260 _aMadrid :
_bAteneo de Madrid :
_bQuímica Farmacéutica Bayer,
_c[1996]
300 _a213 p. :
_bil., fot. ;
_c24 cm.
500 _aÍndices.
505 2 _aAlquimia y esoterismo . Homenaje a León Felipe . Pío Baroja y los farmacéuticos . V centenario . Homenaje a Carlos Pérez-Accino . Horizontes de la licenciatura de farmacia . Farmacéuticos en el arte . Relación cronológica de actividades organizadas por la Sección de Farmacia o en colaboración con otras secciones del Ateneo de Madrid
597 _aTexto a dos columnas.
599 _aFotos de las tertulias.
610 2 4 _aAteneo de Madrid.
_bSección de Farmacia.
_91991
700 1 _aPacheco Fernández, Daniel
_988132
700 1 _aReol, Juan Manuel.
_996251
710 2 _aAteneo de Madrid.
_bSección de Farmacia.
_91991
710 2 _aAteneo de Madrid.
_91875
710 2 _aQuímica Farmacéutica Bayer.
_9172755
852 _aES-MaACL
_jL-23619
999 _c16394
_d16394